Les vainqueurs et finalistes de la Copa America de 1916 à 2016 - Statistiques

Statistiques générales
  • Ce quiz a été pris 581 fois
  • Le résultat moyen est 44 sur 45
Statistiques - réponses
Année Vainqueur Finaliste % Correct
1916 Uruguay Argentine
100%
1917 Uruguay Argentine
100%
1920 Uruguay Argentine
100%
1923 Uruguay Argentine
100%
1924 Uruguay Argentine
100%
1926 Uruguay Argentine
100%
1935 Uruguay Argentine
100%
1942 Uruguay Argentine
100%
1959 Uruguay Argentine
100%
1967 Uruguay Argentine
100%
2004 Brésil Argentine
100%
2007 Brésil Argentine
100%
2015 Chili Argentine
100%
2016 Chili Argentine
100%
1921 Argentine Brésil
99%
1925 Argentine Brésil
99%
1937 Argentine Brésil
99%
1945 Argentine Brésil
99%
1946 Argentine Brésil
99%
1953 Paraguay Brésil
99%
1957 Argentine Brésil
99%
1959 Argentine Brésil
99%
1983 Uruguay Brésil
99%
1991 Argentine Brésil
99%
1995 Uruguay Brésil
99%
1955 Argentine Chili
98%
1956 Uruguay Chili
98%
1979 Paraguay Chili
98%
1987 Uruguay Chili
98%
1919 Brésil Uruguay
98%
1927 Argentine Uruguay
98%
1939 Pérou Uruguay
98%
1941 Argentine Uruguay
98%
1989 Brésil Uruguay
98%
1999 Brésil Uruguay
98%
1975 Pérou Colombie
96%
1922 Brésil Paraguay
93%
1929 Argentine Paraguay
93%
1947 Argentine Paraguay
93%
1949 Brésil Paraguay
93%
1963 Bolivie Paraguay
93%
2011 Uruguay Paraguay
93%
1997 Brésil Bolivie
90%
1993 Argentine Mexique
72%
2001 Colombie Mexique
72%
Aucun quiz correspondant
Distribution des résultats
% des personnes avec chaque résultat
Percentile par nombre de réponses
Votre historique - résultats
Vous n’avez pas pris ce quiz